Normal view
MARC view
- Riley, Kelda
Entry Personal Name
001 - CONTROL NUMBER
- control field: 96375
003 - CONTROL NUMBER IDENTIFIER
- control field: NUST
005 - DATE AND TIME OF LATEST TRANSACTION
- control field: 20220803084503.0
008 - FIXED-LENGTH DATA ELEMENTS
- fixed length control field: 220803|| aca||aabn | a|a d
040 ## - CATALOGING SOURCE
- Original cataloging agency: NUST
- Transcribing agency: NUST
100 ## - HEADING--PERSONAL NAME
- Personal name: Riley, Kelda
670 ## - SOURCE DATA FOUND
- Source citation: Work cat.: (NUST)176453: Riley, Tom, 96372, The computer controller cookbook / , c1983.
